| 000 | 02429 a2200445 4500 | ||
|---|---|---|---|
| 001 | 23885672 | ||
| 003 | 0000 | ||
| 005 | 20251016110019.0 | ||
| 007 | t| | ||
| 008 | 241003s2024 enka b 000 0 eng c | ||
| 010 | _a 2024046915 | ||
| 020 | _a9781009507158 | ||
| 040 |
_aDNLM/DLC _beng _erda _cDLC _dDLC _dDLC-MRC _dDLC |
||
| 042 | _apcc | ||
| 050 | 0 | 0 | _aRG 580 .D5 R93 |
| 060 | 0 | 0 | _aWQ 248 |
| 082 | 0 | 0 |
_a618.3/646 _223/eng/20241227 |
| 100 | 1 |
_aRyan, Lee Wai Kheong _eauthor _4aut _4http://id.loc.gov/vocabulary/relators/aut _0http://id.loc.gov/authorities/names/n2024185034 |
|
| 245 | 1 | 0 |
_aDiabetes in pregnancy / _cLee Wai Kheong Ryan, Lim Weiying, Ann Margaret Wright, Lay-Kok Tan. |
| 264 | 1 |
_aCambridge, United Kingdom ; _aNew York, NY : _bCambridge University Press, _c2024. |
|
| 300 |
_a59 pages _billustrations _c23 cm. |
||
| 336 |
_atext _btxt _2rdacontent |
||
| 337 |
_aunmediated _bn _2rdamedia |
||
| 338 |
_avolume _bnc _2rdacarrier |
||
| 340 | _0http://id.loc.gov/vocabulary/millus/ill | ||
| 490 | 1 |
_aElements in high risk pregnancy, _x2976-8322 |
|
| 500 | _aIncludes bibliographical references. | ||
| 504 | _aIncludes bibliographical references. | ||
| 505 | 0 | _aEpidemiology -- Pathophysiology -- Classification of diabetes in pregnancy -- Maternal, fetal, and neonatal risks of diabetes in pregnancy -- Management options for diabetes in pregnancy. | |
| 520 | _a"Diabetes mellitus is one of the most common and important medical complications affecting pregnancy and resolves once the pregnancy has ended. However, about 3 per cent of women with a diagnosis of gestational diabetes mellitus have type 2 diabetes diagnosed for the first time in pregnancy and therefore it persists after the pregnancy is over"-- Provided by publisher. | ||
| 650 | 2 | _aPregnancy in Diabetics | |
| 650 | 2 | _aDiabetes, Gestational | |
| 700 | 1 |
_aLim, Weiying _eauthor _4http://id.loc.gov/vocabulary/relators/aut _0http://id.loc.gov/authorities/names/n2024185035 |
|
| 700 | 1 |
_aWright, Ann Margaret _eauthor _4http://id.loc.gov/vocabulary/relators/aut _0http://id.loc.gov/authorities/names/n2024185036 |
|
| 700 | 1 |
_aTan, Lay-Kok _eauthor _4http://id.loc.gov/vocabulary/relators/aut _0http://id.loc.gov/authorities/names/n2024185037 |
|
| 830 | 0 | _aElements in high risk pregnancy | |
| 906 |
_a7 _bcbc _corignew _d1 _eecip _f20 _gy-gencatlg |
||
| 942 |
_2lcc _cBK |
||
| 999 |
_c43792 _d43792 |
||